| 000 | 01215nam0a22002891 4500 | ||
|---|---|---|---|
| 001 | rc\993825 | ||
| 005 | 20041129101621.0 | ||
| 035 | _a(NLR Aleph) 006160797 | ||
| 090 |
_a5860693 _c5860693 |
||
| 100 | _a20041129d1981 u |0rusy50 ca | ||
| 101 | 0 | _arus | |
| 102 | _aRU | ||
| 105 | _aa ||||||||| | ||
| 200 | 1 |
_aЖизнь микробов в экстремальных условиях _f[Д. Кашнер, Д. Баросс, Р. Морита] _gПод ред. Д. Кашнера _gПер. с англ. М.И. Верховцевой и др. _gПод ред. Л.В. Калакуцкого, Е.Н. Кондратьевой |
|
| 210 |
_aМ. _cМир _d1981 |
||
| 215 |
_a519 с., 1 л. ил. _cграф. _d22 |
||
| 300 | _aПеревод изд.: Microbial life in extreme environments (London etc., 1978) | ||
| 300 | _aАвт. указаны в огл. | ||
| 320 | _aБиблиогр. в конце глав | ||
| 320 | _aУказ. предм. и латин. назв.: с. 505-515 | ||
| 701 | 1 |
_aКашнер _bД. |
|
| 702 | 1 |
_aКалакуцкий _bЛ. В. _gЛев Владимирович _4340 |
|
| 801 | 0 |
_aRU _bNLR _gpsbo |
|
| 801 | 1 |
_aRU _bELAR _2rusmarc |
|
| 852 |
_aNLR _j82-5/100 |
||
| 942 | _cBOOK | ||
| 980 | _aNB | ||